000 00362 a2200169 4500
001 191894
020 _a978-85-260-2130-3
040 _cMagnum
100 _aMeireles, CecĂ­la
240 1 0 _aMorena, pena de amor
_lpor
245 1 0 _aMorena, pena de amor
300 _a177
362 0 _a2015
440 1 _aGlobal
697 _aLITERATURA GERAL
942 _cBK
999 _c191894
_d191894